[Event "Politiken Cup"]
[Site "Copenhagen"]
[Date "2006.07.27"]
[Round "6.42"]
[White "Nguyen, Michael"]
[Black "Brondum, Eric"]
[Result "1/2-1/2"]
[WhiteElo "2009"]
[BlackElo "2202"]
[PlyCount "20"]
[EventDate "2006.??.??"]

1. c4 b6 2. Nc3 e6 3. e4 Bb7 4. Nge2 Nf6 5. d3 d5 6. Bg5 d4 7. Nb1 Bb4+ 8. Bd2
Be7 9. g3 Na6 10. Bg2 Nc5 1/2-1/2

[Event "Politiken Cup"]
[Site "Copenhagen"]
[Date "2006.07.27"]
[Round "6.43"]
[White "Dragicevic, Drazen"]
[Black "Thomassen, Joachim"]
[Result "1-0"]
[WhiteElo "2200"]
[BlackElo "2006"]
[PlyCount "101"]
[EventDate "2006.??.??"]

1. e4 c5 2. Nf3 d6 3. d4 cxd4 4. Nxd4 Nf6 5. Nc3 a6 6. Bg5 e6 7. f4 Qc7 8. Qf3
Nbd7 9. O-O-O Be7 10. g4 b5 11. Bxf6 Nxf6 12. g5 Nd7 13. f5 Nc5 14. h4 b4 15.
Nce2 e5 16. Nb3 Nxe4 17. Qxe4 Bb7 18. Rd5 Rc8 19. c3 Qc4 20. Qxc4 Rxc4 21. Bg2
Rg4 22. Bf3 Bxd5 23. Bxd5 bxc3 24. Kc2 cxb2 25. Kxb2 h6 26. Rc1 Bd8 27. Rc8 Kd7
28. Ra8 hxg5 29. h5 Rh4 30. Bxf7 Rh2 31. Nbc1 g4 32. Ra7+ Kc6 33. Rxa6+ Bb6 34.
Ra4 Bd4+ 35. Kb3 Rb8+ 36. Kc4 g3 37. Bd5+ Kd7 38. Nxd4 Rc8+ 39. Nc6 Rxc6+ 40.
Bxc6+ Kxc6 41. Ra6+ Kc7 42. Kd5 Rxh5 43. Ra7+ Kb6 44. Rxg7 Rxf5 45. Rxg3 Rf1
46. Rb3+ Ka5 47. Nd3 Ra1 48. Kxd6 Rxa2 49. Kc6 Ra4 50. Rb5+ Ka6 51. Nc5+ 1-0

[Event "Politiken Cup"]
[Site "Copenhagen"]
[Date "2006.07.27"]
[Round "6.44"]
[White "Dalberg, Preben"]
[Black "Larsen, Andreas"]
[Result "1-0"]
[WhiteElo "2190"]
[BlackElo "1975"]
[PlyCount "85"]
[EventDate "2006.??.??"]

1. c4 c5 2. g3 g6 3. Bg2 Bg7 4. Nf3 Nf6 5. Nc3 Nc6 6. O-O O-O 7. d3 Rb8 8. a3
a6 9. Rb1 b5 10. cxb5 axb5 11. b4 cxb4 12. axb4 d6 13. d4 Bf5 14. Rb3 d5 15.
Bf4 Rb6 16. e3 e6 17. Ne5 g5 18. Bxg5 Qc8 19. Nd3 Nd7 20. Nc5 f6 21. Bh4 Ne7
22. g4 Bg6 23. Qe2 Qe8 24. Bg3 f5 25. g5 f4 26. Bxf4 Nf5 27. Qd2 Nh4 28. Ne2
Nxg2 29. Kxg2 e5 30. dxe5 Nxe5 31. Bxe5 Qxe5 32. f4 Qf5 33. Ng3 Qc8 34. f5 Bxf5
35. Qxd5+ Be6 36. Rxf8+ Kxf8 37. Nxe6+ Rxe6 38. Ra3 Re8 39. Qf5+ Qxf5 40. Nxf5
Bb2 41. Rb3 Re5 42. Rxb2 Rxf5 43. Rf2 1-0

[Event "Politiken Cup"]
[Site "Copenhagen"]
[Date "2006.07.27"]
[Round "6.46"]
[White "Muratet Esteban, Elias"]
[Black "Tocklin, Tomi"]
[Result "0-1"]
[WhiteElo "1790"]
[BlackElo "1918"]
[PlyCount "80"]
[EventDate "2006.??.??"]

1. e4 c6 2. d4 d5 3. exd5 cxd5 4. Nf3 Nf6 5. Nc3 Nc6 6. Bf4 Bg4 7. Be2 e6 8.
O-O Be7 9. h3 Bh5 10. Re1 O-O 11. Ne5 Bxe2 12. Rxe2 Rc8 13. a3 Na5 14. Qd3 a6
15. b4 Nc4 16. Nxc4 Rxc4 17. Nd1 Qb6 18. c3 Rfc8 19. Rc2 Ne4 20. f3 Nd6 21. Nb2
R4c6 22. a4 Nc4 23. a5 Nxb2 24. Rxb2 Qd8 25. Rc1 Rc4 26. Rb3 Qd7 27. Kf2 Bf6
28. Qe3 Qa4 29. Rb2 Bxd4 30. cxd4 Rxc1 31. Kg3 Qd1 32. Bd6 Qe1+ 33. Qxe1 Rxe1
34. Kf2 Rec1 35. Bc5 f6 36. Re2 Kf7 37. f4 Rc4 38. Kg3 Rc6 39. Kg4 Ke8 40. Kf3
Kd7 0-1

[Event "Politiken Cup"]
[Site "Copenhagen"]
[Date "2006.07.27"]
[Round "6.47"]
[White "Solberg, Joachim"]
[Black "Nielsen, Thomas"]
[Result "1/2-1/2"]
[WhiteElo "2179"]
[BlackElo "1956"]
[PlyCount "89"]
[EventDate "2006.??.??"]

1. Nc3 c5 2. e4 Nc6 3. Nge2 d6 4. d4 cxd4 5. Nxd4 e5 6. Ndb5 Nf6 7. Bg5 a6 8.
Na3 b5 9. Nd5 Be7 10. Nxe7 Qxe7 11. Bd3 O-O 12. O-O Bb7 13. c3 h6 14. Bxf6 Qxf6
15. Nc2 Nd8 16. a4 bxa4 17. Rxa4 Ne6 18. b4 Rfc8 19. c4 Qg6 20. f3 Nf4 21. g3
d5 22. cxd5 Rc3 23. Ne1 Bxd5 24. Qd2 Bb3 25. Qxc3 Bxa4 26. Qxe5 Nxd3 27. Nxd3
Bb5 28. Nf4 Qb6+ 29. Rf2 Rc8 30. Nd5 Rc1+ 31. Kg2 Qa7 32. Ne7+ Kf8 33. Nf5 f6
34. Qd6+ Kg8 35. Qd8+ Kh7 36. Ne7 Bc4 37. Qe8 Rh1 38. Qg6+ Kh8 39. Nf5 Rxh2+
40. Kxh2 Qxf2+ 41. Kh3 Qa7 42. Qe8+ Kh7 43. Ne7 Be6+ 44. g4 Qf2 45. Qg6+
1/2-1/2

[Event "Politiken Cup"]
[Site "Copenhagen"]
[Date "2006.07.27"]
[Round "6.48"]
[White "Ostergaard, Rasmus"]
[Black "Grove, Peter"]
[Result "1-0"]
[WhiteElo "2173"]
[BlackElo "1942"]
[PlyCount "39"]
[EventDate "2006.??.??"]

1. d4 g6 2. c4 Bg7 3. e4 d6 4. Nc3 e5 5. dxe5 dxe5 6. Qxd8+ Kxd8 7. f4 Nc6 8.
Nf3 Be6 9. fxe5 Nxe5 10. Bf4 Nxf3+ 11. gxf3 c6 12. O-O-O+ Ke8 13. Bd6 Ne7 14.
Be2 Nc8 15. Bc7 Nb6 16. c5 Nd7 17. Bd6 Bxc3 18. bxc3 Bxa2 19. c4 a5 20. Kb2 1-0

[Event "Politiken Cup"]
[Site "Copenhagen"]
[Date "2006.07.27"]
[Round "6.49"]
[White "Tjensvoll, Tore"]
[Black "Hassan, Omar Elsayed"]
[Result "0-1"]
[WhiteElo "1961"]
[BlackElo "2153"]
[PlyCount "62"]
[EventDate "2006.??.??"]

1. e4 d5 2. exd5 Nf6 3. d4 Bg4 4. f3 Bf5 5. Bd3 Bxd3 6. Qxd3 Nxd5 7. Ne2 Nc6 8.
a3 e6 9. c4 Nb6 10. b3 Be7 11. Bb2 Qd7 12. f4 Rd8 13. Nd2 Bh4+ 14. g3 Bf6 15.
Nf3 Nxd4 16. Nexd4 c5 17. O-O-O O-O 18. Qe4 cxd4 19. Bxd4 Qe7 20. Kb2 a5 21.
Ka2 Bxd4 22. Rxd4 a4 23. b4 Rxd4 24. Qxd4 Qc7 25. c5 Rd8 26. cxb6 Qc2+ 27. Qb2
Qe4 28. Qc3 Qe2+ 29. Ka1 h6 30. Re1 Qf2 31. Qe3 Rd1+ 0-1

[Event "Politiken Cup"]
[Site "Copenhagen"]
[Date "2006.07.27"]
[Round "6.51"]
[White "Robertson, David"]
[Black "Lilja, Richard"]
[Result "0-1"]
[WhiteElo "1927"]
[BlackElo "2129"]
[PlyCount "68"]
[EventDate "2006.??.??"]

1. e4 g6 2. Nc3 Bg7 3. g3 c5 4. Bg2 Nc6 5. d3 Rb8 6. Be3 d6 7. f4 b5 8. Qd2 b4
9. Nd1 Bg4 10. e5 Qc8 11. Nf2 Bd7 12. Ne4 f5 13. exf6 Nxf6 14. Nxf6+ Bxf6 15.
c3 bxc3 16. bxc3 Qa6 17. Ne2 Nb4 18. Rd1 Nxa2 19. Ra1 Be6 20. Nc1 Rb1 21. Rxb1
Bxc3 22. Qxc3 Nxc3 23. Rb8+ Kd7 24. Rxh8 Qa4 25. O-O Nd1 26. Rxd1 Qxd1+ 27. Kf2
d5 28. Ne2 d4 29. Bc1 Bg4 30. Bf1 Bxe2 31. Bxe2 Qxc1 32. Rb8 Kc7 33. Re8 Qe3+
34. Kf1 c4 0-1

[Event "Politiken Cup"]
[Site "Copenhagen"]
[Date "2006.07.27"]
[Round "6.52"]
[White "Kaaber, Jacob"]
[Black "Stangeland, Karle"]
[Result "1-0"]
[WhiteElo "2117"]
[BlackElo "1886"]
[PlyCount "127"]
[EventDate "2006.??.??"]

1. e4 c5 2. Nf3 g6 3. d4 cxd4 4. Nxd4 Bg7 5. c4 Nc6 6. Nc2 Nf6 7. Nc3 d6 8. Be2
O-O 9. O-O Be6 10. f4 Na5 11. b3 Qc8 12. Bd2 Nc6 13. h3 Ne8 14. Bd3 Nd4 15. Ne3
f5 16. Rc1 Qd7 17. exf5 Nxf5 18. Nxf5 Bxf5 19. Bxf5 gxf5 20. Be3 a6 21. Nd5 Rd8
22. Bb6 Rb8 23. Ba7 Rd8 24. Bb6 Rb8 25. Bd4 Bxd4+ 26. Qxd4 e6 27. Nc3 Kf7 28.
c5 Rd8 29. Rcd1 Rg8 30. Rf2 d5 31. b4 Nf6 32. Re2 Rg3 33. Kh2 Rdg8 34. Rd3 Rxd3
35. Qxd3 Qc7 36. Qe3 Ne4 37. Nxe4 dxe4 38. Rd2 Rd8 39. Kg3 Rd7 40. Kf2 h5 41.
g4 hxg4 42. hxg4 fxg4 43. Rxd7+ Qxd7 44. Qxe4 Kf6 45. Kg3 Kg7 46. Kxg4 e5+ 47.
Qf5 Qd1+ 48. Kg5 Qd8+ 49. Kh5 exf4 50. Qxf4 Qe8+ 51. Kh4 Kh7 52. Qc7+ Kg6 53.
Qxb7 Qe1+ 54. Kg4 Qg1+ 55. Kh3 Qe3+ 56. Kg2 Qe2+ 57. Kg3 Qe1+ 58. Kf4 Qd2+ 59.
Ke5 Qh2+ 60. Ke6 Qxa2+ 61. Kd7 Qd2+ 62. Kc8 Kh5 63. Qb6 Qd3 64. Kb8 1-0

[Event "Politiken Cup"]
[Site "Copenhagen"]
[Date "2006.07.27"]
[Round "6.53"]
[White "Saemundsson, Bjarni"]
[Black "Christensen, Janus"]
[Result "0-1"]
[WhiteElo "1945"]
[BlackElo "2100"]
[PlyCount "102"]
[EventDate "2006.??.??"]

1. d4 e6 2. Nc3 f5 3. e4 fxe4 4. Nxe4 Nf6 5. Bd3 Be7 6. Nxf6+ Bxf6 7. Qh5+ g6
8. Qg4 Qe7 9. Nf3 Nc6 10. c3 d6 11. Bg5 e5 12. Qh4 exd4+ 13. Kf1 O-O 14. Bxf6
Qxf6 15. Qxf6 Rxf6 16. Nxd4 Nxd4 17. cxd4 Rf4 18. d5 Bf5 19. Bxf5 Rxf5 20. Rd1
Re8 21. g3 Ree5 22. Rc1 Rf7 23. Rd1 Rfe7 24. Rd2 Kf7 25. f4 Re1+ 26. Kg2 R1e2+
27. Rxe2 Rxe2+ 28. Kh3 Ke7 29. Rc1 Kd7 30. b3 Rd2 31. g4 Rxd5 32. Rc2 c5 33. g5
Rf5 34. Kg4 b6 35. h4 d5 36. h5 Ke6 37. hxg6 hxg6 38. Rh2 d4 39. Rh6 Kf7 40.
Rh7+ Ke8 41. Rg7 d3 42. Rxg6 Rd5 43. Re6+ Kf7 44. Re1 b5 45. f5 d2 46. g6+ Kf6
47. Rd1 c4 48. bxc4 bxc4 49. Kh5 Kg7 50. Kg5 c3 51. Rb1 d1=Q 0-1

[Event "Politiken Cup"]
[Site "Copenhagen"]
[Date "2006.07.27"]
[Round "6.54"]
[White "Laksman, Efraim"]
[Black "Thingstad, Even"]
[Result "1-0"]
[WhiteElo "2089"]
[BlackElo "1861"]
[PlyCount "119"]
[EventDate "2006.??.??"]

1. f4 d5 2. b3 c5 3. e3 Nf6 4. Nf3 Nc6 5. Bb2 e6 6. Bb5 Bd6 7. Bxc6+ bxc6 8.
O-O O-O 9. d3 Nd7 10. Qe1 f6 11. Qh4 e5 12. fxe5 fxe5 13. Qxd8 Rxd8 14. Nc3 Bb7
15. e4 Re8 16. Nh4 Re6 17. Rf3 Rf8 18. Nf5 g6 19. Nxd6 Rxd6 20. Rxf8+ Kxf8 21.
Ba3 Ke8 22. Re1 Re6 23. Na4 c4 24. dxc4 dxc4 25. Bc5 Nxc5 26. Nxc5 Re7 27. bxc4
Bc8 28. Kf2 Be6 29. Nxe6 Rxe6 30. Ke2 Kd7 31. c5 Rf6 32. g3 Kc7 33. Rb1 Rf7 34.
Rb3 Rf6 35. Ra3 Kb8 36. Rf3 Re6 37. Rf8+ Kc7 38. Rf7+ Kb8 39. Rxh7 a6 40. Rg7
Ka8 41. c4 a5 42. h4 Kb8 43. a3 Ka8 44. Rf7 Re8 45. Rf6 Rb8 46. Rxg6 Rb2+ 47.
Kf3 Rb3+ 48. Kg4 Rxa3 49. h5 Ra1 50. Rg8+ Kb7 51. Rg7+ Kb8 52. h6 Rh1 53. h7 a4
54. Rg8+ Kb7 55. h8=Q Rxh8 56. Rxh8 a3 57. Rh2 a2 58. Rxa2 Kc7 59. Kf5 Kd7 60.
Ra7+ 1-0

[Event "Politiken Cup"]
[Site "Copenhagen"]
[Date "2006.07.27"]
[Round "6.55"]
[White "Sonderby, Anders"]
[Black "Urkedal, Frode"]
[Result "0-1"]
[WhiteElo "1926"]
[BlackElo "2070"]
[PlyCount "116"]
[EventDate "2006.??.??"]

1. d4 Nf6 2. c4 e6 3. Nc3 Bb4 4. f3 d5 5. a3 Be7 6. e4 dxe4 7. fxe4 e5 8. d5
Ng4 9. Nf3 Bc5 10. Na4 Bf2+ 11. Ke2 Bd4 12. Nxd4 exd4 13. Qxd4 O-O 14. h3 Qh4
15. Bf4 Re8 16. g3 Qh5 17. Kd2 Nf6 18. Re1 Qf3 19. Bd3 Bxh3 20. Kc1 Bg2 21.
Rhg1 Nbd7 22. Nc3 Bh3 23. Be2 Rxe4 24. Qd2 Rxe2 25. Qxe2 Qxe2 26. Rxe2 Bf5 27.
Re7 c6 28. d6 Be6 29. Bg5 Ng4 30. Re1 Nge5 31. Re3 Nc5 32. Ne4 Ncd3+ 33. Kc2 h6
34. Bf4 Nxf4 35. gxf4 Nxc4 36. Rc3 Nb6 37. Rxb7 Bf5 38. Kd3 Nd5 39. Rxc6 Nf6
40. Kd4 Bxe4 41. Kc5 Bxc6 42. Kxc6 h5 43. a4 a5 44. b4 axb4 45. Rxb4 h4 46. f5
h3 47. Rh4 Ra6+ 48. Kb7 Rxd6 49. a5 Nd7 50. Kc7 Ra6 51. Kxd7 Rxa5 52. f6 Ra3
53. fxg7 Kxg7 54. Kd6 Kf6 55. Rf4+ Kg6 56. Ke5 Ra5+ 57. Kd6 h2 58. Rh4 Rh5 0-1

[Event "Politiken Cup"]
[Site "Copenhagen"]
[Date "2006.07.27"]
[Round "6.56"]
[White "Hartsteen, Mark"]
[Black "Royset, Paal"]
[Result "1/2-1/2"]
[WhiteElo "1973"]
[BlackElo "2228"]
[PlyCount "55"]
[EventDate "2006.??.??"]

1. c4 Nf6 2. Nf3 e6 3. g3 d5 4. cxd5 exd5 5. Bg2 g6 6. O-O Bg7 7. Nc3 O-O 8. d4
Nbd7 9. Bf4 c6 10. Rc1 Re8 11. b4 a6 12. a4 Ne4 13. Nxe4 dxe4 14. Nd2 Nf6 15.
Be5 e3 16. fxe3 Ng4 17. Bxg7 Kxg7 18. Qb3 f5 19. Rf3 Be6 20. Qc3 Bd5 21. e4
Bxe4 22. Nxe4 Rxe4 23. d5+ Kg8 24. dxc6 Qb6+ 25. Kh1 bxc6 26. Rff1 Rxb4 27.
Bxc6 Rd8 28. h3 1/2-1/2

[Event "Politiken Cup"]
[Site "Copenhagen"]
[Date "2006.07.27"]
[Round "6.57"]
[White "Eliassen, Erik"]
[Black "Kafka, Graeme"]
[Result "0-1"]
[WhiteElo "1956"]
[BlackElo "2134"]
[PlyCount "46"]
[EventDate "2006.??.??"]

1. e4 c5 2. Nf3 d6 3. d4 cxd4 4. Nxd4 Nf6 5. Nc3 g6 6. Be3 Bg7 7. f3 Nc6 8. Bc4
Bd7 9. Qd2 O-O 10. O-O-O Rc8 11. Bb3 Nxd4 12. Bxd4 b5 13. Nd5 Nxd5 14. Bxg7
Kxg7 15. Bxd5 a5 16. a3 b4 17. axb4 axb4 18. Qxb4 Kg8 19. Rd3 Rc5 20. Kd2 e6
21. Bb3 Qg5+ 22. Kd1 Qxg2 23. Qe1 Ra8 0-1

[Event "Politiken Cup"]
[Site "Copenhagen"]
[Date "2006.07.27"]
[Round "6.58"]
[White "Pettersen, Joar Gullestad"]
[Black "Roder, Peter"]
[Result "1/2-1/2"]
[WhiteElo "1956"]
[BlackElo "2131"]
[PlyCount "31"]
[EventDate "2006.??.??"]

1. e4 c5 2. a3 e5 3. f4 Nc6 4. Bc4 Nf6 5. d3 Bd6 6. f5 h6 7. Nf3 Bc7 8. O-O d5
9. exd5 Nxd5 10. Nc3 Nb6 11. Ba2 Bxf5 12. Nb5 O-O 13. Nxe5 Bxe5 14. Rxf5 Qh4
15. Rh5 Qf6 16. Qg4 1/2-1/2

[Event "Politiken Cup"]
[Site "Copenhagen"]
[Date "2006.07.27"]
[Round "6.59"]
[White "Frank-Nielsen, Marie"]
[Black "Nielsen, Borge Hjerrild"]
[Result "1/2-1/2"]
[WhiteElo "1955"]
[BlackElo "2119"]
[PlyCount "51"]
[EventDate "2006.??.??"]

1. e4 c6 2. d4 d5 3. exd5 cxd5 4. c4 Nf6 5. Nf3 e6 6. Nc3 Be7 7. Be2 dxc4 8.
Bxc4 O-O 9. O-O Nc6 10. a3 a6 11. h3 b5 12. Bb3 Bb7 13. Be3 Na5 14. Ba2 Rc8 15.
Ne5 Nd5 16. Ne2 Bd6 17. Bd2 Bxe5 18. dxe5 Nc4 19. Bxc4 Rxc4 20. Nc3 Rd4 21. Qe2
Qd7 22. Ne4 Ne7 23. Nd6 Nf5 24. Bc3 Rd5 25. Rad1 Qc6 26. Nxb7 1/2-1/2

[Event "Politiken Cup"]
[Site "Copenhagen"]
[Date "2006.07.27"]
[Round "6.60"]
[White "Henrichsen, Jens"]
[Black "Marcussen, Claus"]
[Result "1/2-1/2"]
[WhiteElo "2106"]
[BlackElo "1985"]
[PlyCount "45"]
[EventDate "2006.??.??"]

1. d4 f5 2. g3 Nf6 3. Bg2 e6 4. Nf3 d5 5. O-O Bd6 6. c4 c6 7. b3 Qe7 8. Bb2
Nbd7 9. Nbd2 Ne4 10. Qc2 O-O 11. Ne1 Nxd2 12. Qxd2 f4 13. Nd3 fxg3 14. fxg3 Nf6
15. Ne5 Bd7 16. Rae1 Be8 17. Nd3 Bg6 18. Nf4 Be4 19. Bh3 Bxf4 20. Rxf4 Nd7 21.
Ref1 Rxf4 22. Rxf4 Rf8 23. Rxf8+ 1/2-1/2

[Event "Politiken Cup"]
[Site "Copenhagen"]
[Date "2006.07.27"]
[Round "6.61"]
[White "Madland, Kristoffer"]
[Black "Sjol, Henrik"]
[Result "1-0"]
[WhiteElo "2100"]
[BlackElo "1966"]
[PlyCount "125"]
[EventDate "2006.??.??"]

1. e4 c6 2. d4 d5 3. Nc3 dxe4 4. Nxe4 Bf5 5. Ng3 Bg6 6. h4 h6 7. Nf3 Nd7 8. h5
Bh7 9. Bd3 Bxd3 10. Qxd3 Ngf6 11. Bf4 Qa5+ 12. Bd2 Qc7 13. O-O-O O-O-O 14. Rh4
e6 15. Bf4 Bd6 16. Bxd6 Qxd6 17. Ne4 Nxe4 18. Qxe4 Nf6 19. Qe2 Rhe8 20. Ne5 Re7
21. Rd3 Rc7 22. Rg3 Qf8 23. Ra3 Kb8 24. Qc4 Rdc8 25. Qa4 a6 26. Nd3 Nd7 27. b4
Nb6 28. Qb3 Qd8 29. g3 Qd5 30. Qxd5 cxd5 31. Nc5 Nd7 32. Rg4 Nxc5 33. bxc5 f6
34. Rb3 Re8 35. Re3 Ree7 36. Kd2 Rc6 37. a4 Kc8 38. a5 Kc7 39. c4 dxc4 40. Kc3
Kd7 41. Kxc4 Ke8 42. Rge4 Kf7 43. Rb3 Rec7 44. Re2 e5 45. Rb6 exd4 46. Rxc6
Rxc6 47. Kxd4 Rc7 48. Rb2 Rd7+ 49. Kc4 Ke7 50. Rb6 Kd8 51. Rd6 Kc7 52. Rxd7+
Kxd7 53. Kd5 Kc7 54. Ke6 Kc6 55. Kf7 Kxc5 56. Kxg7 b5 57. axb6 Kxb6 58. Kxh6 a5
59. Kg6 a4 60. h6 a3 61. h7 a2 62. h8=Q a1=Q 63. Qxf6+ 1-0

[Event "Politiken Cup"]
[Site "Copenhagen"]
[Date "2006.07.27"]
[Round "6.62"]
[White "Wilsbeck, Jan B"]
[Black "Rutherford, Elaine"]
[Result "1-0"]
[WhiteElo "1944"]
[BlackElo "2093"]
[PlyCount "67"]
[EventDate "2006.??.??"]

1. e4 d5 2. exd5 Qxd5 3. Nc3 Qa5 4. d4 Nf6 5. Bc4 c6 6. Nge2 Bf5 7. f3 Nbd7 8.
g4 Bg6 9. Nf4 Nb6 10. Bb3 Nbd5 11. Nfxd5 Nxd5 12. Bd2 Nxc3 13. Bxc3 Qc7 14. Qe2
e6 15. O-O-O O-O-O 16. h4 h5 17. Bxe6+ Kb8 18. Bb3 f6 19. Kb1 Bd6 20. Qg2 Bf4
21. Be6 Rhe8 22. d5 Qd6 23. a3 Qc5 24. gxh5 Bxh5 25. Bg4 Bf7 26. Bb4 Qb5 27.
dxc6 Rxd1+ 28. Rxd1 bxc6 29. Qf2 f5 30. Qd4 Be3 31. Qd7 Qc4 32. b3 Qe6 33. Bd6+
Ka8 34. Qxc6# 1-0

[Event "Politiken Cup"]
[Site "Copenhagen"]
[Date "2006.07.27"]
[Round "6.63"]
[White "Olsson, Tomas"]
[Black "Marshall, Michael"]
[Result "1/2-1/2"]
[WhiteElo "2084"]
[BlackElo "1961"]
[PlyCount "54"]
[EventDate "2006.??.??"]

1. e4 c6 2. d4 d5 3. Nc3 dxe4 4. Nxe4 Bf5 5. Ng3 Bg6 6. h4 h6 7. Nf3 Nd7 8. h5
Bh7 9. Bd3 Bxd3 10. Qxd3 e6 11. Bf4 Qa5+ 12. Bd2 Qc7 13. O-O-O O-O-O 14. Kb1
Ngf6 15. Ne4 Nxe4 16. Qxe4 Bd6 17. c4 Nf6 18. Qe2 c5 19. Bc3 cxd4 20. Nxd4 a6
21. Nb3 Qc6 22. f3 Kb8 23. Rxd6 Rxd6 24. Be5 Ka8 25. Bxd6 Qxd6 26. Rd1 Qc7 27.
g4 Rd8 1/2-1/2

[Event "Politiken Cup"]
[Site "Copenhagen"]
[Date "2006.07.27"]
[Round "6.64"]
[White "Thomassen, Thomas"]
[Black "Akdag, Dara"]
[Result "1-0"]
[WhiteElo "2079"]
[BlackElo "1958"]
[PlyCount "48"]
[EventDate "2006.??.??"]

1. c4 Nf6 2. Nc3 e6 3. e4 d5 4. e5 Nfd7 5. d4 dxc4 6. Bxc4 Nb6 7. Bd3 Nc6 8.
Nf3 Be7 9. O-O O-O 10. a3 a5 11. Be3 f5 12. exf6 Bxf6 13. Ne5 g6 14. Bh6 Re8
15. Nxg6 hxg6 16. Bxg6 Re7 17. Ne4 Qxd4 18. Qh5 Bd7 19. Rad1 Qxb2 20. Rd3 Bh8
21. Rg3 Bg7 22. Bc1 Qe5 23. Qh7+ Kf8 24. Rf3+ Qf5 1-0

[Event "Politiken Cup"]
[Site "Copenhagen"]
[Date "2006.07.27"]
[Round "6.65"]
[White "Werner, Gert"]
[Black "Tofte, Sondre Waage"]
[Result "0-1"]
[WhiteElo "2069"]
[BlackElo "1950"]
[PlyCount "44"]
[EventDate "2006.??.??"]

1. Nf3 Nf6 2. g3 e6 3. Bg2 d5 4. O-O c5 5. d4 Nc6 6. c4 cxd4 7. Nxd4 Bc5 8.
Nxc6 bxc6 9. Nc3 O-O 10. Bg5 h6 11. Bf4 Ba6 12. cxd5 cxd5 13. Na4 Bd6 14. Be3
Qa5 15. b3 Rfc8 16. Bd2 Bb4 17. Bxb4 Qxb4 18. Re1 Rc7 19. Rc1 Rac8 20. Rxc7
Rxc7 21. e3 Rc2 22. Qb1 Qd2 0-1

[Event "Politiken Cup"]
[Site "Copenhagen"]
[Date "2006.07.27"]
[Round "6.66"]
[White "Wurtz, Jacob"]
[Black "Christensen, Emilie Ellegaard"]
[Result "1/2-1/2"]
[WhiteElo "2001"]
[BlackElo "1509"]
[PlyCount "85"]
[EventDate "2006.??.??"]

1. d4 Nf6 2. c4 d5 3. cxd5 Nxd5 4. Nf3 Bf5 5. Nbd2 Nf6 6. Qb3 Qc8 7. e3 Nbd7 8.
Be2 h6 9. O-O e6 10. Nc4 Be7 11. Bd2 O-O 12. Rac1 Be4 13. Nfe5 Bd5 14. Qc2 Ne4
15. Be1 Nxe5 16. Nxe5 c5 17. f3 Nf6 18. e4 Bc6 19. dxc5 Qc7 20. Nxc6 Qxc6 21.
b4 Rfc8 22. Bf2 a6 23. a4 Nd7 24. Rfd1 Bg5 25. Rb1 Qc7 26. Qd3 Rd8 27. Qd6 Qc8
28. Qg3 e5 29. Qg4 Qc6 30. b5 Qc7 31. h4 Be7 32. Rbc1 Bxc5 33. Bxc5 Nxc5 34.
Rxd8+ Qxd8 35. bxa6 bxa6 36. Qg3 Qd4+ 37. Kh2 Nxa4 38. Rc4 Qa1 39. Qg4 Nb6 40.
Rc6 Qb2 41. Rxh6 a5 42. h5 a4 43. Rc6 1/2-1/2

[Event "Politiken Cup"]
[Site "Copenhagen"]
[Date "2006.07.27"]
[Round "6.67"]
[White "Skjoldager, Flemming"]
[Black "Agustsson, Hafsteinn"]
[Result "0-1"]
[WhiteElo "2067"]
[BlackElo "1945"]
[PlyCount "62"]
[EventDate "2006.??.??"]

1. e4 c5 2. Nf3 Nc6 3. d4 cxd4 4. Nxd4 Nf6 5. Nc3 e5 6. Ndb5 d6 7. Bg5 a6 8.
Na3 b5 9. Nd5 Qa5+ 10. Bd2 Qd8 11. Bg5 Be7 12. Bxf6 Bxf6 13. c3 Bg5 14. Nc2 Ne7
15. a4 bxa4 16. Rxa4 Nxd5 17. Qxd5 Be6 18. Qd3 a5 19. Na3 O-O 20. c4 f5 21. Nb5
fxe4 22. Qxe4 Qb6 23. f3 Kh8 24. Bd3 Bf5 25. Qe2 e4 26. fxe4 Bg4 27. c5 Qxc5
28. Rc4 Qb6 29. Qc2 Qe3+ 30. Be2 Qf2+ 31. Kd1 Qf1+ 0-1

[Event "Politiken Cup"]
[Site "Copenhagen"]
[Date "2006.07.27"]
[Round "6.68"]
[White "Jensen, Paul Johan"]
[Black "Schmied, Andreas"]
[Result "0-1"]
[WhiteElo "1893"]
[BlackElo "2062"]
[PlyCount "66"]
[EventDate "2006.??.??"]

1. c4 g6 2. g3 Bg7 3. Bg2 d6 4. Nc3 Nf6 5. e3 e5 6. Nge2 O-O 7. O-O Nc6 8. d4
exd4 9. exd4 Bf5 10. a3 Qd7 11. Be3 Bh3 12. Qd2 Bxg2 13. Kxg2 Na5 14. Qd3 Qc6+
15. d5 Qxc4 16. Rfd1 Qxd3 17. Rxd3 Nc4 18. Rd4 Nxe3+ 19. fxe3 Rfe8 20. Kf3 Re7
21. Rc4 Rae8 22. e4 Nd7 23. Kg2 Nc5 24. Rf1 Nxe4 25. Rc1 Nd2 26. Rb4 b6 27. Rc2
a5 28. Rb5 Nc4 29. Kh3 g5 30. Nd1 Ne5 31. Nd4 g4+ 32. Kg2 Nd3 33. Rd2 Bxd4 0-1

[Event "Politiken Cup"]
[Site "Copenhagen"]
[Date "2006.07.27"]
[Round "6.69"]
[White "Moller, Arne"]
[Black "Eriksson, Christian"]
[Result "0-1"]
[WhiteElo "1901"]
[BlackElo "1982"]
[PlyCount "64"]
[EventDate "2006.??.??"]

1. e4 c5 2. Nf3 Nc6 3. d4 cxd4 4. Nxd4 Nf6 5. Nc3 e5 6. Ndb5 d6 7. Bg5 a6 8.
Na3 b5 9. Nd5 Be7 10. Nxf6+ gxf6 11. Be3 f5 12. Qd5 Bb7 13. exf5 Qd7 14. Qd2 d5
15. f6 Bb4 16. c3 Bxa3 17. bxa3 Rg8 18. a4 Nd8 19. Rb1 Bc6 20. Rb4 Nb7 21. Qb2
Nd6 22. Bc5 Nc4 23. Bxc4 dxc4 24. axb5 Bxg2 25. Rg1 Rg6 26. Qe2 Qd5 27. Bd4 Bf3
28. Qf1 exd4 29. Rxg6 fxg6 30. Rxc4 Kf8 31. Rxd4 Re8+ 32. Kd2 Qxa2+ 0-1

[Event "Politiken Cup"]
[Site "Copenhagen"]
[Date "2006.07.27"]
[Round "6.70"]
[White "Rosenkilde, Alexander"]
[Black "Martin, Katie"]
[Result "1-0"]
[WhiteElo "2054"]
[BlackElo "1939"]
[PlyCount "99"]
[EventDate "2006.??.??"]

1. d4 Nf6 2. c4 c5 3. Nf3 g6 4. Nc3 Bg7 5. e4 cxd4 6. Nxd4 d6 7. Be2 Bd7 8. Be3
O-O 9. f3 Nc6 10. Qd2 Rc8 11. O-O Ne5 12. b3 Bc6 13. Rac1 Re8 14. g4 Qd7 15. h3
Qc7 16. Ncb5 Bxb5 17. Nxb5 Qd7 18. Nxa7 Ra8 19. Nb5 h5 20. Rc2 Kh7 21. c5 d5
22. Nc3 dxe4 23. Qxd7 Nfxd7 24. Nxe4 hxg4 25. hxg4 Nc6 26. Rd1 Nf6 27. Ng5+ Kg8
28. Rcd2 e6 29. Kg2 Nd5 30. Kf2 Bc3 31. a4 Bxd2 32. Bxd2 Nd4 33. Bc4 Nc6 34.
Bc1 Rad8 35. Bb2 Ndb4 36. Rh1 Nd4 37. f4 f6 38. Ne4 Kg7 39. Nd6 Re7 40. Bxd4 e5
41. fxe5 fxe5 42. Bc3 Rf8+ 43. Kg3 Nc6 44. Bd2 Rh8 45. Rxh8 Kxh8 46. Bg5 Rc7
47. Bf6+ Kh7 48. Nf7 Na5 49. Ng5+ Kh6 50. Bg8 1-0

[Event "Politiken Cup"]
[Site "Copenhagen"]
[Date "2006.07.27"]
[Round "6.71"]
[White "Reppen, Ellisiv"]
[Black "Quinn, David"]
[Result "0-1"]
[WhiteElo "1890"]
[BlackElo "2035"]
[PlyCount "90"]
[EventDate "2006.??.??"]

1. e4 e5 2. Nf3 Nc6 3. Bb5 a6 4. Ba4 Nf6 5. O-O Nxe4 6. Re1 Nc5 7. Bxc6 dxc6 8.
d4 Ne6 9. dxe5 Qxd1 10. Rxd1 Be7 11. Be3 Bd7 12. Nc3 O-O-O 13. Ne4 h6 14. Rd3
Rhe8 15. Rad1 Bf8 16. a3 c5 17. c4 Ba4 18. Rxd8+ Nxd8 19. Re1 Bc6 20. Ned2 b6
21. Bf4 g5 22. Bg3 Bg7 23. h3 Ne6 24. Kf1 Rd8 25. Re3 Kb7 26. Bh2 a5 27. Nb3
Rd1+ 28. Ne1 Rb1 29. Nd2 Rxb2 30. Ndf3 a4 31. Nd3 Rc2 32. Ke1 Rxc4 33. Nb2 Rc2
34. Nd3 Ra2 35. Nc1 Rb2 36. Nd3 Rb3 37. Nd2 Rc3 38. Nb1 Rc4 39. Nd2 Rd4 40. Nf3
Re4 41. Kd2 Rxe3 42. fxe3 b5 43. Kc2 Bf8 44. Nfe1 Be4 45. Kc3 Kb6 0-1

[Event "Politiken Cup"]
[Site "Copenhagen"]
[Date "2006.07.27"]
[Round "6.72"]
[White "Sending, Stale"]
[Black "Jensen, Søren Holm"]
[Result "1-0"]
[WhiteElo "2035"]
[BlackElo "1902"]
[PlyCount "105"]
[EventDate "2006.??.??"]

1. e4 e5 2. Nf3 Nc6 3. Bb5 a6 4. Ba4 Nf6 5. O-O Be7 6. Re1 b5 7. Bb3 d6 8. c3
O-O 9. d4 Bg4 10. d5 Na5 11. h3 Bxf3 12. Qxf3 Nxb3 13. axb3 c6 14. dxc6 Qc7 15.
Na3 Qxc6 16. Nc2 Rfe8 17. Bg5 Qb7 18. Bxf6 Bxf6 19. Red1 Be7 20. Ne3 Bf8 21.
Rd3 a5 22. Rad1 a4 23. b4 a3 24. bxa3 Rxa3 25. Nf5 Ra6 26. Nxd6 Bxd6 27. Rxd6
Rxd6 28. Rxd6 f6 29. Qg4 Qf7 30. Rd7 Qf8 31. Qe2 Rb8 32. Qa2+ Kh8 33. Qf7 Qxf7
34. Rxf7 Rc8 35. Rb7 h6 36. Rxb5 Rxc3 37. Rb8+ Kh7 38. Kf1 Rc2 39. b5 Kg6 40.
b6 Rb2 41. b7 Kg5 42. g3 h5 43. h4+ Kg6 44. Ke1 Kh7 45. Kd1 Kg6 46. Kc1 Rb6 47.
Kd2 Kf7 48. Kc3 Rb1 49. f4 exf4 50. gxf4 Rb6 51. e5 fxe5 52. fxe5 g5 53. Rh8
1-0